Water environment & technology

Αποθηκεύτηκε σε:
Λεπτομέρειες βιβλιογραφικής εγγραφής
Συγγραφή απο Οργανισμό/Αρχή: Water Pollution Control Federation
Μορφή: Περιοδική έκδοση
Γλώσσα:English
Δημοσίευση: [Alexandria, VA] : The Federation, c1989-
Θέματα:
Ετικέτες: Προσθήκη ετικέτας
Δεν υπάρχουν, Καταχωρήστε ετικέτα πρώτοι!

MARC

LEADER 00000nas a2200000 i 4500
001 1/48423
008 040212c19899999us u r | |eng||
022 |a 10449493 
035 |l 10072246 
040 |a GR-MY-UA  |b gre  |e aacr 
041 0 |a eng 
082 0 |a 628.1  
110 2 |a Water Pollution Control Federation. 
245 1 0 |a Water environment & technology   |h [περιοδικό] /   |c Water Pollution Control Federation.  
260 |a [Alexandria, VA] :   |b The Federation,   |c c1989- 
300 |a v. ;  |c 28 εκ. 
310 |a Μηνιαίο 
650 0 0 |a Water quality management  |x Periodicals. 
853 |a INST  |b LESVOS  |c SER  |h 628.1 
901 |a BIBL1-2004-1 
970 |a ΤΖΑΦΕΡΗ  |b ΕΥΑΓΓΕΛΙΑ  |z 2004/02/12